LEADER 01450naa a2200277 i 4500 001 000000351574 003 CaOOAMICUS 005 20220915153933.0 008 220915n1999 it u000 u ita u 013 $a14498 020 $a88-10-11198-2 040 $aSeMil$bita 245 00$aPer un progetto di scuola alle soglie del 21. secolo :$bAssemblea nazionale sulla scuola cattolica, Roma, 27-30 ottobre 1999 : documento preparatorio /$ca cura del Consiglio nazionale della scuola cattolica. 264 31$aBologna :$bEDB,$c1988. 300 $a35 p. ;$c21 cm 490 1 $aDocumenti: Chiese Locali ;$v81 650 4$aChiesa cattolica - Clero - Sostentamento - Italia.$0(OLS)http://semarc/subject/3197 710 2 $aConsiglio nazionale della scuola cattolica.$0(OLS)http://semarc/name/116482 711 0 $aAssemblea Nazionale sulla Scuola Cattolica <1999 ; Roma>.$0(OLS)http://semarc/name/46690 830 0$aDocumenti: Chiese locali ;$v81.$0(OLS)http://semarc/title/25055 850 $aSeMil 852 $aSeMil$W1$xVenegono$y1$m5B III 64/14$j234498$B242771$CSeMilBibl$Z2$F242771 $81 996 $6020$a88-10-11198-2$9(OLS)http://semarc/number/296696 996 $6245$aPer un progetto di scuola alle soglie del 21. secolo :$bAssemblea nazionale sulla scuola cattolica, Roma, 27-30 ottobre 1999 : documento preparatorio$9(OLS)http://semarc/title/441369 996 $6264$aBologna :$bEDB$9(OLS)http://semarc/publisher/29669 LEADER 01825nam a2200337 i 4500 001 000000109603 003 CaOOAMICUS 005 20030212000000.0 008 030212s1998 it u000 u mul u 013 $a82283 020 $a88-343-0062-9 040 $aSeMil$bita 100 1 $aGaiser, Konrad <1929-1988>.$0(OLS)http://semarc/name/16028 240 10$aTestimonia Platonica [contenuto in Platons ungeschriebene Lehre].$0(OLS)http://semarc/title/159155 245 10$aTestimonia Platonica :$ble antiche testimonianze sulle dottrine non scritte di Platone /$cKonrad Gaiser ; introduzione e impostazione grafico-tipografica di Giovanni Reale ; traduzione, indice e revisione dei testi di Vincenzo Cicero. 260 $aMilano :$bVita e Pensiero,$c1998. 300 $aXXI, 309 p. :$bill. ;$c23 cm. 490 0 $aTemi metafisici e problemi del pensiero antico : studi e testi ;$v65 500 $aContiene : Testo greco con traduzione ; Appendice. - Fondo Card. C.M. Martini. 600 04$aPlatone .$0(OLS)http://semarc/subject/988 650 4$aPlatonismo - Testi.$0(OLS)http://semarc/subject/19418 700 1 $aCicero, Vincenzo,$d<1962- >.$0(OLS)http://semarc/name/316 700 1 $aReale, Giovanni,$d<1931-2014>.$0(OLS)http://semarc/name/74 830 0$aTemi metafisici e problemi del pensiero antico ;$v65.$0(OLS)http://semarc/title/109 850 $aSeMil 852 $aSeMil$W1$xVenegono$y1$m2R V 385$j65578$B65578$CSeMilBibl$Z2$F77182 $81 941 1 $a4 961 $aOmaggio: Martini Card. Carlo Maria 996 $6020$a88-343-0062-9$9(OLS)http://semarc/number/91033 996 $6245$aTestimonia Platonica :$ble antiche testimonianze sulle dottrine non scritte di Platone$9(OLS)http://semarc/title/159154 996 $6260$aMilano :$bVita e Pensiero$9(OLS)http://semarc/publisher/29642